000 00276nam a2200097Ia 4500
008 230915s9999 xx 000 0 und d
050 _aLB2831.58.R43 1995
100 _aREBORE, RONALD W.
245 0 _aPERSONAL ADMINISTRATION IN EDUCATION: A MANAGEMENT APPROACH
942 _cBK
999 _c169758
_d169758